Teología de los Sacramentos : experiencia cristiana y lenguaje sacramental eclesial / Isabel Corpas de Posada (Registro nro. 44691)
[ vista simple ]
| 000 -LÍDER | |
|---|---|
| Campo fijo de descripción fija | 011210000a22002170004500 |
| 020 ## - NÚMERO INTERNACIONAL NORMALIZADO PARA LIBROS | |
| Número Internacional Normalizado del libro | 958-607-404-8 |
| 041 0# - CÓDIGO DE IDIOMA | |
| Código de idioma para texto/pista de sonido o título separado | |
| 082 04 - NÚMERO DE CLASIFICACIÓN DECIMAL DEWEY | |
| Número de clasificación | G 265 C8223t |
| 001 - NÚMERO DE CONTROL | |
| Campo de control | 18222 |
| 100 1# - ASIENTO PRINCIPAL--NOMBRE PERSONAL | |
| Nombre personal | Corpas de Posada, Isabel |
| 245 10 - TÍTULO | |
| Título del Material | Teología de los Sacramentos : experiencia cristiana y lenguaje sacramental eclesial / Isabel Corpas de Posada |
| 260 ## - PUBLICACIÓN, DISTRIBUCIÓN, ETC. (PIE DE IMPRENTA) | |
| Lugar de publicación, distribución, etc. | Bogotá , Colombia : San Pablo |
| 300 ## - DESCRIPCIÓN FÍSICA | |
| Extensión | 187 p. |
| 336 ## - CONTENT TYPE | |
| Content type term | texto |
| Content type code | txt |
| Source | rdacontent |
| 337 ## - MEDIA TYPE | |
| Source | rdamedia |
| Media type term | sin mediación |
| Media type code | n |
| 338 ## - CARRIER TYPE | |
| Source | rdacarrier |
| Carrier type term | volumen |
| Carrier type code | nc |
| 501 ## - NOTA DE “CON” | |
| Nota de Contenido | rústico |
| 505 00 - NOTA DE CONTENIDO | |
| Nota de contenido con formato preestablecido | Diagnóstico de la situación actual de los sacramentos - Presupuesto antropológicos epistemológicos y semiológicos para una aproximación a la experiencia sacramental cristiana - Del lenguaje religioso al lenguaje sacramental cristiano - El lenguaje religioso en los libros de la Biblia - La comunicación de Dios en los libros de la Biblia - El lenguaje sacramental en los libros de la Biblia - Experiencia sacramental y lenguaje sacramental eclesial |
| 650 14 - ASIENTO SECUNDARIO DE MATERIA - TERMINO TEMÁTICO | |
| Término temático o nombre geográfico como elemento de entrada | SACRAMENTOS \ VIDA CRISTIANA \ SACRAMENTOS (LITURGIA) \ RELIGION Y LENGUAJE |
| 942 ## - TIPO DE MATERIAL (KOHA) | |
| Tipo de Item KOHA | Libros General |
| Estado de Material | Estado de Perdido | Estado de Dañado | No para Préstamo | Colección | Tomo | Biblioteca de Origen | Biblioteca Permanente | Fecha de Adquisición | Total de Préstamos | Signatura Topográfica | Código de Barras | Última vez visto | Última vez Préstado | Ejemplar/Existencia | Fecha de Remplazo | Tipo de Material |
|---|---|---|---|---|---|---|---|---|---|---|---|---|---|---|---|---|
| Colección General | Biblioteca FUSBC | Biblioteca FUSBC | 14/04/2014 | 2 | G 265 C8223t | 18247 | 27/02/2026 | 17/05/2023 | 2016-12-02 | 26/01/2016 | Libros General |
